A védjegyek szerepe a fogyasztói döntéshozatalban.

Bibliográfiai részletek
Szerző: Bodon Bence
További közreműködők: Totth Dr. Gedeon
Dokumentumtípus: Diplomadolgozat
Kulcsszavak:Védjegy
Fogyasztói magatartás
Márka
Online Access:http://dolgozattar.uni-bge.hu/20562

MARC

LEADER 00000nta a2200000 i 4500
001 dolg20562
005 20200414143114.0
008 190506suuuu hu om 000 hun d
040 |a BGE Dolgozattár Repozitórium  |b hun 
041 |a hu 
100 1 |a Bodon Bence 
245 1 2 |a A védjegyek szerepe a fogyasztói döntéshozatalban.  |c Bodon Bence  |h [elektronikus dokumentum] 
695 |a Védjegy 
695 |a Fogyasztói magatartás 
695 |a Márka 
700 1 |a Totth Dr. Gedeon  |e ths 
856 4 0 |u http://dolgozattar.uni-bge.hu/20562/1/Szakdolgozat_BodonBence.pdf  |z Dokumentum-elérés